Modern english : (Record no. 8962)

MARC details
000 -LEADER
fixed length control field 00471cam a2200181ua 4500
001 - CONTROL NUMBER
control field 9966
005 - DATE AND TIME OF LATEST TRANSACTION
control field 20260515114541.0
008 - FIXED-LENGTH DATA ELEMENTS--GENERAL INFORMATION
fixed length control field 170222n ii |||gr||||Z||||||eng
040 ## - CATALOGING SOURCE
Transcribing agency MAIN
041 ## - LANGUAGE CODE
Language code of text/sound track or separate title eng
082 ## - DEWEY DECIMAL CLASSIFICATION NUMBER
Classification number 425
100 ## - MAIN ENTRY--PERSONAL NAME
Personal name Krishnaswamy, N.,
Relator term Author.
245 ## - TITLE STATEMENT
Title Modern english :
Remainder of title a book of grammar, usage and composition /
Statement of responsibility, etc. By N. Krishnaswamy .
260 ## - PUBLICATION, DISTRIBUTION, ETC.
Place of publication, distribution, etc. Delhi:
Name of publisher, distributor, etc. Macmillan,
Date of publication, distribution, etc. 1980.
300 ## - PHYSICAL DESCRIPTION
Extent 374p.
653 ## - INDEX TERM--UNCONTROLLED
Uncontrolled term English grammar
942 ## - ADDED ENTRY ELEMENTS (KOHA)
Koha item type Books
Holdings
Withdrawn status Lost status Damaged status Not for loan Home library Current library Shelving location Date acquired Total checkouts Full call number Barcode Date last seen Copy number Price effective from Koha item type
        Naharkatiya College Library Naharkatiya College Library General stacks 09/19/2020   425English grammar | KRI 15552 09/19/2020 2 09/19/2020 Books
        Naharkatiya College Library Naharkatiya College Library General stacks 09/19/2020   425English grammar | KRI 15553 09/19/2020 3 09/19/2020 Books
        Naharkatiya College Library Naharkatiya College Library General stacks 09/19/2020   425English grammar | KRI 15554 09/19/2020 1 09/19/2020 Books